| 000 | 00739nam a22002297a 4500 | ||
|---|---|---|---|
| 003 | UA-OsUOA | ||
| 001 | 51851 | ||
| 007 | ta | ||
| 008 | 20141030b un ||||| |||| 00| 0 ukr d | ||
| 090 |
_a011 _bА38 |
||
| 942 | _cBR | ||
| 040 |
_aUA-OsUOA _bukr _cUA-OsUOA _dUA-OsUOA |
||
| 245 |
_aАкадемік М.С. Грушевський _bМатеріали біобібліографії (1914-1939 рр.). Випуск 1 |
||
| 300 | _a25 с. | ||
| 955 | _a1 | ||
| 041 | _aukr | ||
| 080 | _a011 | ||
| 260 |
_aК. _c1991 |
||
| 650 | 7 |
_a01 Бібліографія і бібліографії. Каталоги _2UDC |
|
| 999 |
_c431975 _d431975 |
||